00460nam a22001577a 450000500170000002000170001702000180003403500220005208200100007410000170008424500650010126000280016630000350019450000570022970000160028620220708154551.0 a07554-4034-X a9780755440344 aB-147915,B-147920 aS-BLY aBlyton, Enid aMagical stories /cby Enid Byton ; illustrated by Pam Storey aNoidabGrandreamsc2004 aV.3 (55p.)b22cm. (pbk)cillu. aThis edition published in 2004 by Aureole Publishing aStorey, Pam